000 00633cam a2200229 a 4500
001 15601149
005 20180131100037.0
008 090127r20081985enk 000 1 eng
010 _a 2009290453
020 _a9780199538546 (pbk.)
040 _aDLC
_cDLC
_dDLC
041 _aeng
043 _ae-fr---
080 _a813.4 JAM
082 0 0 _a813.4 JAM
_222
100 1 _a21
101 _aGJL
245 1 4 _aThe ambassadors /
_cHenry James ; edited with an introduction and notes by Christopher Butler.
906 _a7
_bcbc
_corignew
_d2
_encip
_f20
_gy-gencatlg
942 _2ddc
_cBK
999 _c41416
_d41416